Dirāsāt fī ʻilm al-sukkān. (Record no. 46090)

MARC details
000 -LEADER
fixed length control field 00618cam a22002411 4500
001 - CONTROL NUMBER
control field ne 63001437
003 - CONTROL NUMBER IDENTIFIER
control field DLC
005 - DATE AND TIME OF LATEST TRANSACTION
control field 20260227111748.0
008 - FIXED-LENGTH DATA ELEMENTS--GENERAL INFORMATION
fixed length control field 890415s1962 xx 000 0 ara
010 ## - LIBRARY OF CONGRESS CONTROL NUMBER
LC control number ne 63001437
035 ## - SYSTEM CONTROL NUMBER
System control number (OCoLC)23485406
040 ## - CATALOGING SOURCE
Original cataloging agency DLC
Transcribing agency MiU
Modifying agency DLC
043 ## - GEOGRAPHIC AREA CODE
Geographic area code f-ua---
050 00 - LIBRARY OF CONGRESS CALL NUMBER
Classification number HB851
Item number .S3
100 1# - MAIN ENTRY--PERSONAL NAME
Personal name Sāʻātī, Ḥasan.
245 10 - TITLE STATEMENT
Title Dirāsāt fī ʻilm al-sukkān.
260 ## - PUBLICATION, DISTRIBUTION, ETC.
Date of publication, distribution, etc. [1962
300 ## - PHYSICAL DESCRIPTION
Extent 13, 160 p.
Dimensions 24 cm.
500 ## - GENERAL NOTE
General note Romanized.
650 #0 - SUBJECT ADDED ENTRY--TOPICAL TERM
Topical term or geographic name entry element Population
651 #0 - SUBJECT ADDED ENTRY--GEOGRAPHIC NAME
Geographic name Egypt
General subdivision Statistics, Vital.
700 1# - ADDED ENTRY--PERSONAL NAME
Personal name Luṭfī, ʻAbd al-Ḥamīd,
Relator term joint author.

No items available.

Powered by Koha